[Event "XXV Miedzynarodowy Festiwal Szachowy w Poznaniu - OPEN A"]
[Site "Poznan"]
[Date "2017.08.24"]
[Round "6.35"]
[White "Wawrzyniak, Pawel"]
[Black "Szafranski, Maciej "]
[Result "1-0"]
[WhiteTitle ""]
[BlackTitle ""]
[WhiteElo "1749"]
[BlackElo "1439"]

1. d4 d5 2. c4 e6 3. Nc3 Nf6 4. Nf3 Be7 5. Bf4 a6 6. c5 Nc6 7. e3 O-O 8. Bd3 b6
9. cxb6 cxb6 10. O-O Bb7 11. Rc1 Rc8 12. Qe2 b5 13. h3 h6 14. a4 b4 15. Nb1 a5
16. Nbd2 Bd6 17. Bxd6 Qxd6 18. Nb3 Nd7 19. Rc2 Rc7 20. Rfc1 Rfc8 21. Bb5 Ra8 22.
Ne5 Ndb8 23. f4 g6 24. Rc5 Na6 25. R5c2 Nab8 26. Qf2 Kg7 27. h4 f6 28. Nd3 Ba6
29. Nbc5 Bxb5 30. axb5 Na7 31. Nxe6+ Qxe6 32. Rxc7+ Nd7 33. Nc5 Qf5 34. Rxd7+
Kf8 35. Rb7 Nc8 36. Qc2 Qxc2 37. Rxc2 Nd6 38. Ne6+ 1-0

[Event "XXV Miedzynarodowy Festiwal Szachowy w Poznaniu - OPEN A"]
[Site "Poznan"]
[Date "2017.08.24"]
[Round "6.36"]
[White "Kukorowski, Jan"]
[Black "Litke, Slawomir"]
[Result "1-0"]
[WhiteTitle ""]
[BlackTitle ""]
[WhiteElo "1670"]
[BlackElo "1730"]

1. e4 e5 2. Nf3 Nc6 3. Bc4 Be7 4. O-O Nf6 5. Re1 O-O 6. c3 Nxe4 7. Bb3 d5 8. d3
Nf6 9. Nxe5 Nxe5 10. Rxe5 Bd6 11. Re1 Ng4 12. h3 Qh4 13. Qf3 Nxf2 14. Bxd5 Nxh3+
15. Kf1 Bg4 16. Re4 Rae8 17. gxh3 Rxe4 18. Qxe4 Qxh3+ 19. Ke1 Bg3+ 20. Kd2 Qh2+
21. Qg2 Qh4 22. Kc2 Re8 23. Bf3 Bh3 24. Qd2 Be1 25. Qd1 Qf2+ 26. Bd2 Bf5 27. Bxb7
Bxd2 28. Nxd2 Rd8 29. Ba6 Qe3 30. Qf3 Qe6 31. Bc4 Qg6 32. Re1 Bg4 33. Bxf7+ Qxf7
34. Qxg4 Qxa2 35. Re7 g6 36. Qh4 h5 37. Qf6 Qa4+ 38. Nb3 1-0

[Event "XXV Miedzynarodowy Festiwal Szachowy w Poznaniu - OPEN A"]
[Site "Poznan"]
[Date "2017.08.24"]
[Round "6.37"]
[White "Stochnialek, Dominika"]
[Black "Nawrowski, Artur "]
[Result "1-0"]
[WhiteTitle ""]
[BlackTitle ""]
[WhiteElo "1719"]
[BlackElo "1024"]

1. e4 e5 2. Nf3 Nc6 3. Bc4 h6 4. d4 exd4 5. Nxd4 Bc5 6. Bxf7+ Kxf7 7. Qh5+ g6 8.
Qxc5 Qe7 9. Qd5+ Ke8 10. Nxc6 bxc6 11. Qd3 g5 12. O-O a5 13. c4 c5 14. Nc3 c6
15. f4 g4 16. e5 h5 17. Ne4 Kd8 18. Be3 g3 19. Nxg3 h4 20. Ne4 Nh6 21. Bxc5 Qg7
22. Nf6 h3 23. g3 Ng4 24. Qd6 Qf7 25. Bb6# 1-0

[Event "XXV Miedzynarodowy Festiwal Szachowy w Poznaniu - OPEN A"]
[Site "Poznan"]
[Date "2017.08.24"]
[Round "6.38"]
[White "Janicki, Rafal "]
[Black "Kabzinski, Jan "]
[Result "1-0"]
[WhiteTitle ""]
[BlackTitle ""]
[WhiteElo "1692"]
[BlackElo "1433"]

1. e4 c5 2. c3 d5 3. exd5 Qxd5 4. d4 Nc6 5. Nf3 Bg4 6. Be2 e6 7. O-O cxd4 8. cxd4
Nf6 9. Nc3 Qd6 10. Be3 Be7 11. Qd2 O-O 12. Rfd1 Rfd8 13. Rac1 Nd5 14. Ne4 Qb4
15. Nc3 Qd6 16. a3 Rac8 17. Ne4 Qc7 18. Ne5 Bxe2 19. Qxe2 Qb6 20. Rc2 Nxe5 21.
Rxc8 Rxc8 22. dxe5 Nxe3 23. fxe3 Bc5 24. Kf2 h6 25. Rd7 a5 26. Kf3 Rc7 27. Rd8+
Kh7 28. Qd3 Qc6 29. Kg3 f5 30. exf6 g6 31. Nxc5 Qxc5 32. Rd7+ Rxd7 33. Qxd7+ 1-0

[Event "XXV Miedzynarodowy Festiwal Szachowy w Poznaniu - OPEN A"]
[Site "Poznan"]
[Date "2017.08.24"]
[Round "6.39"]
[White "Wojdak, Jan"]
[Black "Zurawski, Kamil"]
[Result "1-0"]
[WhiteTitle ""]
[BlackTitle ""]
[WhiteElo "1624"]
[BlackElo "1665"]

1. e4 c5 2. Nf3 Nc6 3. d4 cxd4 4. Nxd4 Nf6 5. Nc3 e5 6. Ndb5 d6 7. Bg5 a6 8. Na3
b5 9. Bxf6 gxf6 10. Nd5 f5 11. c3 Bg7 12. Bd3 Be6 13. g3 O-O 14. O-O fxe4 15.
Bxe4 f5 16. Bg2 Ra7 17. Nc2 Ne7 18. Ncb4 Rd7 19. a4 f4 20. axb5 Nxd5 21. Bxd5
Bxd5 22. Qxd5+ Kh8 23. bxa6 fxg3 24. hxg3 Qb6 25. Qc6 Qa7 26. Nd5 Rdf7 27. Qb6
Qd7 28. a7 Ra8 29. Qb8+ Rf8 30. Qc7 Qg4 31. Nb6 h5 32. Qc6 h4 33. Ra4 Rf4 34.
Rxf4 exf4 1-0

[Event "XXV Miedzynarodowy Festiwal Szachowy w Poznaniu - OPEN A"]
[Site "Poznan"]
[Date "2017.08.24"]
[Round "6.40"]
[White "Tomczak, Marta "]
[Black "Hoffmann, Piotr"]
[Result "1/2-1/2"]
[WhiteTitle ""]
[BlackTitle ""]
[WhiteElo "1480"]
[BlackElo "1651"]

1. e4 d5 2. exd5 Qxd5 3. Nc3 Qd8 4. d4 Nf6 5. Nf3 Bg4 6. Be2 e6 7. O-O Be7 8. Be3
O-O 9. Ne5 Bxe2 10. Qxe2 c6 11. Rfd1 Nd5 12. Nxd5 cxd5 13. Qb5 Qc8 14. Rd3 a6
15. Qb3 b5 16. a4 Qb7 17. h3 b4 18. c3 a5 19. cxb4 Bxb4 20. Bd2 Na6 21. Rc1 Rfc8
22. Rdc3 Rab8 23. Rxc8+ Rxc8 24. Rxc8+ Qxc8 25. Bxb4 Nxb4 26. Nd3 Qc2 27. Nc5
Qc1+ 28. Kh2 Qf4+ 29. Qg3 Qxg3+ 30. Kxg3 Nc6 31. Nb3 Kf8 32. f4 Ke7 33. Kf3 Kd6
34. Ke3 Kc7 35. Kd3 Kb6 36. Nc5 Ne7 37. g4 g6 38. Nd7+ Kc7 39. Nc5 h5 40. Kc3
hxg4 1/2-1/2

[Event "XXV Miedzynarodowy Festiwal Szachowy w Poznaniu - OPEN A"]
[Site "Poznan"]
[Date "2017.08.24"]
[Round "6.41"]
[White "Frackowiak, Andrzej"]
[Black "Kaluzny, Jan "]
[Result "1-0"]
[WhiteTitle ""]
[BlackTitle ""]
[WhiteElo "1611"]
[BlackElo "1350"]

1. d4 d5 2. Bf4 c6 3. e3 e6 4. c3 Bd6 5. Bg3 Nf6 6. Nf3 Bxg3 7. hxg3 O-O 8. Bd3
h6 9. Nbd2 Nbd7 10. Qe2 b6 11. e4 dxe4 12. Nxe4 Nxe4 13. Qxe4 Nf6 14. Qxc6 Bd7
15. Qc4 Rc8 16. Qb3 Bc6 17. O-O Bd5 18. Qd1 Qc7 19. Re1 Qb7 20. Qe2 Qc7 21. a3
Rfd8 22. Rac1 Qd6 23. Qe5 Qc6 24. Qe2 Qd6 25. Nd2 Bb7 26. Ne4 Nxe4 27. Bxe4 Bxe4
28. Qxe4 Qd7 29. Rcd1 Qb5 30. Rd2 Rd5 31. Qd3 Qc6 32. Rde2 Rcd8 33. Qf3 Qb5 34.
Qf4 Qc4 35. Re5 Qb3 36. Rxd5 Rxd5 37. Qd2 Rb5 38. Re2 Rd5 39. Qc2 Qc4 40. Rd2
Qc8 41. c4 Rd7 42. b4 Qd8 43. Qe4 Qf6 44. Qe3 Rd8 45. Qc3 Qf5 46. Rd3 Rd7 47.
a4 Rc7 48. c5 bxc5 49. dxc5 Qe4 50. Rd8+ Kh7 51. Qd3 Qxd3 52. Rxd3 Kg6 53. f3
Kf6 54. Kf2 Ke5 55. Ke3 a5 56. f4+ Kf5 57. Kd4 axb4 58. Kc4 Ke4 59. Rb3 e5 60.
fxe5 Kxe5 61. Re3+ Kf5 62. Kxb4 Rb7+ 63. Kc4 g5 64. c6 Rc7 65. Kc5 Kg6 66. Kb6
Rc8 67. Kb7 Rd8 68. c7 1-0

[Event "XXV Miedzynarodowy Festiwal Szachowy w Poznaniu - OPEN A"]
[Site "Poznan"]
[Date "2017.08.24"]
[Round "6.43"]
[White "Kaluzny, Stanislaw "]
[Black "Zakrzewski, Bartosz"]
[Result "0-1"]
[WhiteTitle ""]
[BlackTitle ""]
[WhiteElo "1361"]
[BlackElo "1554"]

1. e4 c5 2. Nf3 e6 3. d4 cxd4 4. Nxd4 Nc6 5. c4 Nf6 6. f3 Qc7 7. Be3 a6 8. Nc3
Bc5 9. Be2 Qb6 10. Na4 Qa5+ 11. Bd2 Bb4 12. Bc3 Nxd4 13. Qxd4 Qxa4 14. O-O Bxc3
15. Qxc3 d6 16. Rfd1 Qc6 17. Rd2 Qc5+ 18. Kh1 O-O 19. Rad1 e5 20. Rxd6 Be6 21.
b3 Rac8 22. h3 a5 23. R6d2 Qc7 24. Rc1 Rfd8 25. Rcd1 Rxd2 26. Rxd2 Nh5 27. Kh2
Nf4 28. Bf1 f6 29. g3 Ng6 30. Qc2 b5 31. Qd1 bxc4 32. Bxc4 Bxc4 33. bxc4 Nf8 34.
Rc2 Ne6 35. Qd5 Kf7 36. Kg2 Rd8 37. Qxd8 Qxd8 0-1

[Event "XXV Miedzynarodowy Festiwal Szachowy w Poznaniu - OPEN A"]
[Site "Poznan"]
[Date "2017.08.24"]
[Round "6.44"]
[White "Wasiak, Stanislaw"]
[Black "Dopierala, Adam"]
[Result "1/2-1/2"]
[WhiteTitle ""]
[BlackTitle ""]
[WhiteElo "1551"]
[BlackElo "1059"]

1. c4 e5 2. d3 Nf6 3. Nf3 Nc6 4. g3 d5 5. cxd5 Qxd5 6. Nc3 Qd8 7. Bg2 Be7 8. O-O
O-O 9. Bg5 Be6 10. e3 Qd7 11. Bxf6 Bxf6 12. Ne4 Qe7 13. Qa4 Bd7 14. Nxf6+ Qxf6
15. Qh4 Qd6 16. Ng5 h6 17. Ne4 Qb4 18. Rfc1 Qxb2 19. Nc5 Bf5 20. g4 Qb4 21. Rc4
1/2-1/2

[Event "XXV Miedzynarodowy Festiwal Szachowy w Poznaniu - OPEN A"]
[Site "Poznan"]
[Date "2017.08.24"]
[Round "6.46"]
[White "Piechocki, Bronislaw "]
[Black "Lapinski, Jerzy"]
[Result "1/2-1/2"]
[WhiteTitle ""]
[BlackTitle ""]
[WhiteElo "1435"]
[BlackElo "1280"]

1. Nf3 d5 2. g3 Nf6 3. Bg2 e6 4. O-O Bd6 5. d3 Nbd7 6. c3 O-O 7. Qc2 c5 8. c4 d4
9. Nbd2 Rb8 10. Ne4 Bc7 11. Nxf6+ Qxf6 12. Nd2 Qe7 13. a3 f5 14. Rb1 b6 15. Nf3
h6 16. Bd2 Nf6 17. b4 Bd6 18. bxc5 Bxc5 19. Bb4 Bd7 20. Ne5 Rfd8 21. Bc6 Rdc8
22. Bxd7 Nxd7 23. Nxd7 Qxd7 24. Bxc5 Rxc5 25. Qb2 e5 26. Ra1 b5 27. a4 b4 28.
Rfb1 a5 29. Qd2 Rd8 30. Qe1 Qe6 31. Qf1 e4 32. Re1 g5 33. Qh3 Qf6 34. Qh5 Kg7
35. f3 e3 36. Qh3 Qf7 37. g4 f4 38. Reb1 Rh8 39. Qg2 Qf6 40. h3 Qe7 41. Kh2 1/2-1/2

[Event "XXV Miedzynarodowy Festiwal Szachowy w Poznaniu - OPEN A"]
[Site "Poznan"]
[Date "2017.08.24"]
[Round "6.47"]
[White "Geselle , Roman"]
[Black "Wojdak, Karol"]
[Result "1-0"]
[WhiteTitle ""]
[BlackTitle ""]
[WhiteElo "1429"]
[BlackElo "1372"]

1. d4 d5 2. c4 e6 3. Nc3 Nf6 4. Bg5 Be7 5. e3 c6 6. Rc1 Nbd7 7. Nf3 h6 8. Bh4 O-O
9. Bd3 dxc4 10. Bxc4 Nd5 11. Bxe7 Qxe7 12. a3 Re8 13. O-O Nf8 14. Ne5 Nf6 15.
Ba2 N6d7 16. Nf3 Rd8 17. Qc2 Ng6 18. Ne4 e5 19. Ng3 exd4 20. Qxg6 dxe3 21. Qc2
exf2+ 22. Qxf2 Nf6 23. Rfe1 Qc7 24. Ne5 Rf8 25. Ng6 Ng4 26. Qc5 Rd8 27. Re7 Rd7
28. Re8+ Kh7 29. Nf8+ 1-0

[Event "XXV Miedzynarodowy Festiwal Szachowy w Poznaniu - OPEN A"]
[Site "Poznan"]
[Date "2017.08.24"]
[Round "6.48"]
[White "Gajewski, Zbigniew "]
[Black "Zielinski, Tomasz"]
[Result "0-1"]
[WhiteTitle ""]
[BlackTitle ""]
[WhiteElo "1347"]
[BlackElo "1215"]

1. e4 e6 2. c4 d5 3. exd5 exd5 4. d4 Be6 5. c5 b6 6. cxb6 axb6 7. Nf3 Nf6 8. Nc3
Be7 9. Bd3 h6 10. O-O O-O 11. h3 c5 12. Be3 Nbd7 13. Qc2 Qc7 14. Bf5 Rae8 15.
Ne2 Bd6 16. Bxe6 fxe6 17. Qg6 Kh8 18. Nh4 Ng8 19. Qh5 Ne7 20. g4 Nf6 21. Ng6+
Kg8 22. Nxe7+ Bxe7 23. Qg6 Bd8 24. Bxh6 Qf7 25. Qxf7+ Rxf7 26. Be3 Nd7 27. Rac1
Be7 28. Nf4 cxd4 29. Bd2 Bg5 30. Rc7 e5 0-1

[Event "XXV Miedzynarodowy Festiwal Szachowy w Poznaniu - OPEN A"]
[Site "Poznan"]
[Date "2017.08.24"]
[Round "6.49"]
[White "Walaszyk, Zbigniew "]
[Black "Mozdzanowski, Filip"]
[Result "0-1"]
[WhiteTitle ""]
[BlackTitle ""]
[WhiteElo "1344"]
[BlackElo "1329"]

1. e4 d6 2. d4 Nf6 3. Nc3 g6 4. Nf3 Bg7 5. h3 O-O 6. Be2 Nbd7 7. O-O e5 8. d5 h6
9. Be3 Ne8 10. Qd2 Kh7 11. Rad1 f5 12. Qe1 f4 13. Bc1 g5 14. Nh2 Ndf6 15. g4 fxg3
16. fxg3 Bxh3 17. Rf2 a6 18. Rd3 Qd7 19. Nd1 Bg4 20. Rg2 Bxe2 21. Qxe2 Ng8 22.
Ng4 Nef6 23. Nde3 Nxg4 24. Nxg4 Nf6 25. Nf2 Rf7 26. Rh2 Kg8 27. g4 Nh7 28. Rdh3
Nf8 29. Be3 Ng6 30. Qd2 Raf8 31. Rg3 Nh4 32. Qe2 Nf3+ 33. Rxf3 Rxf3 34. Rg2 Qa4
35. a3 Qb5 36. c4 Qb3 37. Bc1 0-1

[Event "XXV Miedzynarodowy Festiwal Szachowy w Poznaniu - OPEN A"]
[Site "Poznan"]
[Date "2017.08.24"]
[Round "6.50"]
[White "Purczynski, Andrzej"]
[Black "Drozdowicz, Ignacy "]
[Result "1/2-1/2"]
[WhiteTitle ""]
[BlackTitle ""]
[WhiteElo "1243"]
[BlackElo "1339"]

1. b4 e5 2. Bb2 d6 3. e3 Be6 4. c4 Nf6 5. Nc3 c6 6. Nf3 Nbd7 7. Be2 Be7 8. O-O
O-O 9. d4 e4 10. Ng5 Bf5 11. Qc2 d5 12. Qb3 h6 13. Nh3 Bxh3 14. gxh3 Nb6 15. c5
Nc8 16. f3 Qd7 17. fxe4 Qxh3 18. Rf3 Qg4+ 19. Rg3 Qe6 20. e5 Ne8 21. Bg4 f5 22.
exf6 Qxf6 23. Qc2 Qf7 24. Qg2 Bg5 25. Rf3 Qe7 26. Rxf8+ Kxf8 27. Rf1+ Kg8 28.
e4 Nf6 29. exd5 Nxg4 30. Qxg4 Qe3+ 31. Kg2 Ne7 32. Qe6+ Qxe6 33. dxe6 Re8 34.
b5 Ng6 35. bxc6 bxc6 36. Ne4 Nf4+ 37. Kg3 Nxe6 38. Nxg5 Nxg5 39. Bc1 Ne4+ 40.
Kg2 Nc3 1/2-1/2

[Event "XXV Miedzynarodowy Festiwal Szachowy w Poznaniu - OPEN A"]
[Site "Poznan"]
[Date "2017.08.24"]
[Round "6.51"]
[White "Nowak, Patrycja"]
[Black "Zurawski, Mateusz"]
[Result "0-1"]
[WhiteTitle ""]
[BlackTitle ""]
[WhiteElo "1182"]
[BlackElo "1328"]

1. e4 e6 2. d4 d5 3. Bd3 Nf6 4. e5 Nfd7 5. Ne2 c5 6. c3 Nc6 7. Nd2 Be7 8. Nf3 O-O
9. O-O cxd4 10. cxd4 f6 11. Qc2 fxe5 12. Bxh7+ Kh8 13. Nxe5 Ndxe5 14. dxe5 Nxe5
15. f4 Ng4 16. b3 Qb6+ 17. Kh1 Nf2+ 18. Rxf2 Qxf2 19. Bb2 Bf6 20. Bxf6 Rxf6 21.
Bd3 Bd7 22. Qc7 Bc6 23. Qe5 d4 24. Rg1 Rh6 25. Ng3 Qxg3 26. h3 Rxh3# 0-1

[Event "XXV Miedzynarodowy Festiwal Szachowy w Poznaniu - OPEN A"]
[Site "Poznan"]
[Date "2017.08.25"]
[Round "7.1"]
[White "Szelag, Marcin "]
[Black "Tomczak, Jacek "]
[Result "0-1"]
[WhiteTitle ""]
[BlackTitle ""]
[WhiteElo "2456"]
[BlackElo "2598"]

1. Nf3 c5 2. g3 b5 3. Bg2 Bb7 4. O-O g6 5. c3 Bg7 6. a4 b4 7. cxb4 cxb4 8. d3 e6
9. Nbd2 Ne7 10. Nb3 O-O 11. e4 d6 12. Qe2 Ba6 13. Bg5 h6 14. Be3 Nbc6 15. Qd2
Kh7 16. Nfd4 Ne5 17. Nb5 Qd7 18. N3d4 Rab8 19. Rac1 Rfc8 20. Rxc8 Bxc8 21. Qxb4
Nxd3 22. Qa3 Nxb2 23. Rc1 a6 24. Rc7 Nc4 25. Rxc4 axb5 26. Nxb5 Ba6 27. Rc7 Qd8
28. Qxd6 Qxd6 29. Nxd6 Be5 30. Bf1 Bxd6 31. Rxe7 Rb1 32. Rxf7+ Kg8 33. Ra7 Bxf1
34. f3 Bh3+ 35. Kf2 Rb2+ 36. Ke1 Bg2 37. Ra8+ Kf7 38. Ra7+ Ke8 39. Ra8+ Kf7 40.
Ra7+ Ke8 41. Ra8+ Kd7 42. Ra7+ Kc8 43. Rf7 Bb4+ 44. Kd1 Bf1 45. Rf6 Rxh2 46. Rxg6
Bd3 47. Rxh6 Bc2+ 0-1

[Event "XXV Miedzynarodowy Festiwal Szachowy w Poznaniu - OPEN A"]
[Site "Poznan"]
[Date "2017.08.25"]
[Round "7.2"]
[White "Urban, Klaudiusz "]
[Black "Niekras, Dawid "]
[Result "1/2-1/2"]
[WhiteTitle ""]
[BlackTitle ""]
[WhiteElo "2426"]
[BlackElo "2277"]

1. d4 Nf6 2. g3 g6 3. Bg2 Bg7 4. c4 O-O 5. Nc3 c5 6. d5 d6 7. Nf3 e6 8. O-O exd5
9. cxd5 Na6 10. a4 Nc7 11. Re1 Re8 12. e4 Nd7 13. Bf4 Ne5 14. Nxe5 dxe5 15. Be3
Qd6 16. Nb1 b6 17. Na3 Ba6 18. Qc2 Qd7 19. Nc4 Red8 20. Bf1 Bxc4 21. Bxc4 a5 22.
Rad1 Qe7 23. Qb3 Rd6 24. Qc2 Rf8 25. Bd3 Qd7 26. f3 1/2-1/2

[Event "XXV Miedzynarodowy Festiwal Szachowy w Poznaniu - OPEN A"]
[Site "Poznan"]
[Date "2017.08.25"]
[Round "7.3"]
[White "Nowak, Rafal "]
[Black "Sieciechowicz, Marcin"]
[Result "1-0"]
[WhiteTitle ""]
[BlackTitle ""]
[WhiteElo "1996"]
[BlackElo "2408"]

1. d4 Nf6 2. Bg5 e6 3. e4 h6 4. Bxf6 Qxf6 5. Nc3 g6 6. Qd2 Bg7 7. O-O-O O-O 8.
f4 a6 9. Nf3 b5 10. e5 Qe7 11. Bd3 Bb7 12. Be4 Bxe4 13. Nxe4 d5 14. Nc5 Nd7 15.
Nxd7 Qxd7 16. h4 Rfc8 17. h5 c5 18. Kb1 c4 19. g4 c3 20. Qe3 Qe7 21. Rd3 b4 22.
g5 gxh5 23. Rxh5 hxg5 24. Nxg5 cxb2 25. Qh3 Qc7 26. Qg2 Qe7 27. Rh7 f6 28. exf6
Qxf6 29. Rxg7+ Qxg7 30. Rg3 Qh6 31. Nxe6+ Kf7 32. Ng5+ Ke8 33. Qxd5 Ra7 34. Re3+
Re7 35. Qf7+ 1-0

[Event "XXV Miedzynarodowy Festiwal Szachowy w Poznaniu - OPEN A"]
[Site "Poznan"]
[Date "2017.08.25"]
[Round "7.4"]
[White "Nowak, Mikolaj "]
[Black "Chojnacki, Krzysztof "]
[Result "1/2-1/2"]
[WhiteTitle ""]
[BlackTitle ""]
[WhiteElo "2076"]
[BlackElo "2377"]

1. d4 d6 2. Nf3 f5 3. c4 Nf6 4. Nc3 g6 5. g3 Bg7 6. Bg2 O-O 7. O-O c6 8. d5 e5
9. dxe6 Bxe6 10. b3 Na6 11. Be3 Qe7 12. Rc1 Nc5 13. Qc2 Nfe4 14. Bd4 a5 15. Rfd1
Rad8 16. Bxg7 Qxg7 17. Nd4 Qf6 18. Nxe6 Qxe6 19. e3 Qe5 20. Rd4 Nxc3 21. Qxc3
Ne6 22. Rd2 Kf7 23. Qc2 Rfe8 24. Rcd1 Nc5 25. Rd4 Ne6 26. R4d2 Nc5 27. Rd4 Ne6
28. R4d2 1/2-1/2

[Event "XXV Miedzynarodowy Festiwal Szachowy w Poznaniu - OPEN A"]
[Site "Poznan"]
[Date "2017.08.25"]
[Round "7.5"]
[White "Schmidt, Wlodzimierz "]
[Black "Orzechowski, Jacek "]
[Result "1/2-1/2"]
[WhiteTitle ""]
[BlackTitle ""]
[WhiteElo "2272"]
[BlackElo "2069"]

1. d4 Nf6 2. c4 g6 3. Nc3 Bg7 4. e4 d6 5. Nf3 O-O 6. Be2 e5 7. O-O Nc6 8. d5 Ne7
9. Ne1 Nd7 10. Nd3 f5 11. Bd2 Nf6 12. f3 f4 13. c5 g5 14. Rc1 Ng6 15. Nb5 Rf7
16. Ba5 b6 17. cxd6 cxd6 18. Be1 a6 19. Nc3 a5 20. Nb5 g4 21. Rc6 Bf8 22. Qc2
Bb7 23. Rc7 Rc8 24. Rxc8 Bxc8 25. g3 1/2-1/2

[Event "XXV Miedzynarodowy Festiwal Szachowy w Poznaniu - OPEN A"]
[Site "Poznan"]
[Date "2017.08.25"]
[Round "7.6"]
[White "Polok, Kacper"]
[Black "Malyovanyi, Yulian "]
[Result "1-0"]
[WhiteTitle ""]
[BlackTitle ""]
[WhiteElo "2249"]
[BlackElo "2006"]

1. e4 c5 2. Nf3 e6 3. b3 Nc6 4. Bb5 Nge7 5. Bb2 a6 6. Bxc6 Nxc6 7. O-O Qc7 8. d4
cxd4 9. Nxd4 Bd6 10. Nxc6 Qxc6 11. Qg4 Qxc2 12. Qxg7 Rf8 13. Na3 Qxe4 14. Nc4
Be7 15. Nb6 Rb8 16. Rac1 Kd8 17. Bf6 Re8 18. Qg3 1-0

[Event "XXV Miedzynarodowy Festiwal Szachowy w Poznaniu - OPEN A"]
[Site "Poznan"]
[Date "2017.08.25"]
[Round "7.7"]
[White "Zakrzewski, Marek"]
[Black "Zakoscielna, Kinga "]
[Result "1-0"]
[WhiteTitle ""]
[BlackTitle ""]
[WhiteElo "2237"]
[BlackElo "2059"]

1. e4 c5 2. Nf3 d6 3. d4 cxd4 4. Nxd4 Nf6 5. Nc3 a6 6. Bg5 e6 7. f4 Be7 8. Qf3
Qc7 9. O-O-O Nbd7 10. g4 b5 11. Bxf6 Nxf6 12. g5 Nd7 13. f5 Bxg5+ 14. Kb1 Ne5
15. Qh5 Qe7 16. fxe6 g6 17. exf7+ Kxf7 18. Qe2 Bg4 19. Qf2+ Qf6 20. Qxf6+ Bxf6
21. Be2 Bh3 22. Nd5 Bd8 23. Nf4 Bd7 24. Nf3 Ke7 25. Nd5+ Ke8 26. Nxe5 dxe5 27.
h4 Be6 28. h5 Bxd5 29. exd5 Bf6 30. d6 e4 31. Rh3 Kd7 32. Bg4+ Kc6 33. d7 Bg5
34. Rc3+ Kb7 35. Be6 Rad8 36. Rd6 1-0

[Event "XXV Miedzynarodowy Festiwal Szachowy w Poznaniu - OPEN A"]
[Site "Poznan"]
[Date "2017.08.25"]
[Round "7.8"]
[White "Raczynski, Krzysztof "]
[Black "Purzycki, Jan Dawid"]
[Result "1/2-1/2"]
[WhiteTitle ""]
[BlackTitle ""]
[WhiteElo "2208"]
[BlackElo "1982"]

1. e4 e6 2. d4 d5 3. Nd2 Nf6 4. e5 Nfd7 5. Bd3 c5 6. c3 Nc6 7. Ne2 cxd4 8. cxd4
Qb6 9. Nf3 Bb4+ 10. Bd2 f6 11. exf6 Nxf6 12. O-O Bxd2 13. Qxd2 O-O 14. a3 Bd7
15. b4 Rac8 16. Rfe1 a6 17. Nc3 Na7 18. Rac1 Qd6 19. Ne5 Rc7 20. Nxd7 Qxd7 21.
Ne2 Rxc1 22. Rxc1 Qd6 23. Qf4 Ne8 24. Qxd6 Nxd6 25. f3 g6 26. Kf2 Rc8 27. Rc5
1/2-1/2

[Event "XXV Miedzynarodowy Festiwal Szachowy w Poznaniu - OPEN A"]
[Site "Poznan"]
[Date "2017.08.25"]
[Round "7.9"]
[White "Michalski, Karol "]
[Black "Koitka, Jakub"]
[Result "0-1"]
[WhiteTitle ""]
[BlackTitle ""]
[WhiteElo "1992"]
[BlackElo "2144"]

1. d4 d6 2. c4 e5 3. dxe5 dxe5 4. Qxd8+ Kxd8 5. Nc3 c6 6. f4 Nd7 7. Nf3 Bd6 8.
Ng5 Ke8 9. g3 Ngf6 10. Bd2 Nc5 11. O-O-O h6 12. Nf3 e4 13. Be3 Ng4 14. Rxd6 Nxe3
15. Ne5 a5 16. Rd4 Bf5 17. g4 Bh7 18. f5 f6 19. Nd7 Rd8 20. Nxc5 Rxd4 21. b3 Ke7
22. Ne6 Rd6 23. Bh3 h5 24. c5 Rd7 25. Rg1 hxg4 26. Bg2 Nxf5 27. Nf4 g5 28. Nh5
Bg6 29. Ng3 Nxg3 30. hxg3 f5 31. Nd1 f4 32. gxf4 gxf4 33. e3 f3 34. Bf1 Bf5 35.
Nf2 Rh2 36. Nxg4 Bxg4 37. Rxg4 Rh1 38. Rxe4+ Kd8 0-1

[Event "XXV Miedzynarodowy Festiwal Szachowy w Poznaniu - OPEN A"]
[Site "Poznan"]
[Date "2017.08.25"]
[Round "7.10"]
[White "Sobczak, Miroslaw"]
[Black "Jedras, Piotr"]
[Result "0-1"]
[WhiteTitle ""]
[BlackTitle ""]
[WhiteElo "1925"]
[BlackElo "2091"]

1. e4 c5 2. Nf3 d6 3. d4 cxd4 4. Nxd4 Nf6 5. Nc3 g6 6. Be3 Bg7 7. f3 Nc6 8. Qd2
O-O 9. O-O-O d5 10. Nxc6 bxc6 11. exd5 cxd5 12. Nxd5 Nxd5 13. Qxd5 Qc7 14. Qc5
Qb7 15. Qa3 Bf5 16. Bd3 Rab8 17. b3 Qc6 18. Bxf5 Qc3 19. Bd3 Rbc8 20. Rhe1 Rfd8
21. Re2 Qa1+ 22. Kd2 Bc3# 0-1

[Event "XXV Miedzynarodowy Festiwal Szachowy w Poznaniu - OPEN A"]
[Site "Poznan"]
[Date "2017.08.25"]
[Round "7.11"]
[White "Zadymov, Ihor"]
[Black "Nadstoga, Wojciech "]
[Result "1-0"]
[WhiteTitle ""]
[BlackTitle ""]
[WhiteElo "2089"]
[BlackElo "1926"]

1. d4 Nf6 2. Bf4 d6 3. Nf3 g6 4. e3 Bg7 5. Be2 c6 6. c3 O-O 7. h3 Re8 8. O-O Nbd7
9. Bh2 Qb6 10. Nbd2 Qc7 11. a4 b6 12. a5 Bb7 13. b4 e5 14. dxe5 dxe5 15. Nc4 Nd5
16. axb6 axb6 17. Qb3 h6 18. Rxa8 Bxa8 19. Ra1 Kh7 20. Ncd2 Bf8 21. e4 Bd6 22.
exd5 cxd5 23. Bb5 Bc6 24. Bxc6 Qxc6 25. c4 Nf6 26. cxd5 Nxd5 27. Ne4 Be7 28. Nxe5
Qe6 29. Rd1 Nxb4 30. Qxe6 fxe6 31. Rd7 Kg7 32. Nd6 1-0

[Event "XXV Miedzynarodowy Festiwal Szachowy w Poznaniu - OPEN A"]
[Site "Poznan"]
[Date "2017.08.25"]
[Round "7.12"]
[White "Bednarska-bzdega, Malgorzata "]
[Black "Pawlowski, Rafal "]
[Result "1-0"]
[WhiteTitle ""]
[BlackTitle ""]
[WhiteElo "2047"]
[BlackElo "1752"]

1. e4 c6 2. d4 d5 3. exd5 cxd5 4. c4 Nf6 5. Nc3 e6 6. Nf3 Be7 7. cxd5 Nxd5 8. Bd3
Nc6 9. O-O O-O 10. Re1 Nf6 11. a3 b6 12. Bg5 Bb7 13. Rc1 Rc8 14. Bb1 g6 15. Ba2
Re8 16. h4 Na5 17. Ne5 Nd5 18. Nxd5 Bxd5 19. Rxc8 Qxc8 20. Bxd5 exd5 21. Qf3 Qe6
22. Nd3 Qd6 23. Bxe7 Rxe7 24. Rxe7 Qxe7 25. Qxd5 Nb7 26. h5 gxh5 27. Qxh5 Nd6
28. Qe5 Qd7 29. Nf4 Ne8 30. Nd5 f5 31. Qxe8+ Qxe8 32. Nf6+ Kf7 33. Nxe8 Kxe8 34.
Kf1 Kd7 35. Ke2 Ke6 36. Kd3 Kd5 37. a4 a6 38. Ke3 b5 39. axb5 axb5 40. Kf4 Kxd4
41. Kxf5 b4 42. f4 Kc4 43. Ke5 Kb3 44. f5 Kxb2 45. f6 1-0

[Event "XXV Miedzynarodowy Festiwal Szachowy w Poznaniu - OPEN A"]
[Site "Poznan"]
[Date "2017.08.25"]
[Round "7.13"]
[White "Duszczak, Dariusz"]
[Black "Madrawski, Krzysztof "]
[Result "0-1"]
[WhiteTitle ""]
[BlackTitle ""]
[WhiteElo "1892"]
[BlackElo "2043"]

1. f4 d5 2. Nf3 Nf6 3. e3 g6 4. d4 Bg7 5. Bd3 O-O 6. O-O Bf5 7. Bxf5 gxf5 8. Ne5
Nbd7 9. Nd2 e6 10. b3 c5 11. Bb2 Nxe5 12. fxe5 Ng4 13. Rf3 f6 14. exf6 Qxf6 15.
Qe2 Rac8 16. c4 Qd8 17. Rd1 Qc7 18. Rh3 Rfd8 19. Nf3 dxc4 20. Qxc4 Rd5 21. Ng5
Qd7 22. Qe2 cxd4 23. e4 Rd6 24. exf5 exf5 25. Rhd3 Ne3 26. R1d2 f4 27. Qf3 Qf5
28. Qxb7 Rdc6 29. h4 h6 30. Nf3 Qg4 31. Ne1 Qg3 32. Re2 f3 33. Rf2 Be5 34. Nxf3
Rc1+ 35. Bxc1 Rxc1+ 0-1

[Event "XXV Miedzynarodowy Festiwal Szachowy w Poznaniu - OPEN A"]
[Site "Poznan"]
[Date "2017.08.25"]
[Round "7.14"]
[White "Banach, Szymon "]
[Black "Chaczynski, Kamil"]
[Result "0-1"]
[WhiteTitle ""]
[BlackTitle ""]
[WhiteElo "2040"]
[BlackElo "1495"]

1. e4 e6 2. d4 d5 3. e5 c5 4. c3 Nc6 5. Nf3 Qb6 6. Bd3 cxd4 7. cxd4 Bd7 8. O-O
Rc8 9. Nc3 Nxd4 10. Nxd4 Qxd4 11. Nb5 Qxe5 12. Re1 Qb8 13. Qf3 Bd6 14. Qxd5 Bxh2+
15. Kh1 Nf6 16. Qd4 a6 17. Na7 Rxc1 18. Raxc1 Bf4 19. Rc4 Bd6 20. b4 O-O 21. b5
axb5 22. Rc2 e5 23. Qe3 Nd5 24. Bxh7+ Kh8 25. Qd3 Nf4 26. Qb3 Qxa7 27. Be4 f5
28. Bd5 Rf6 29. Rec1 Nxd5 30. Qxd5 Bc6 31. Qd1 Qa4 32. Kg1 Rh6 33. Rc3 Qe4 34.
Rg3 f4 35. f3 Qe3+ 0-1